Yi Hyŏng-sŏk ŭi munhwa yusan tapsagi.

Saved in:
நூற்பட்டியல் விவரங்கள்
தலைமை எழுத்தாளர்: Yi, Hyŏng-sŏk, 1937-
வடிவம்: புத்தகம்
மொழி:Korean
வெளியீடப்பட்டது: Sŏul Tʻŭkpyŏlsi : Hongikchae, 1997-
பகுதிகள்:
குறியீடுகள்: குறிச்சொல் இணை
குறியீடுகள் இல்லை, இந்த குறிச்சொல்லை முதலில் பதிவு செய்யுங்கள்!
LEADER 01243cam a2200373 a 4500
001 010010641-2
005 20081009093007.0
008 980924m19979999ko abc 001 0 kor
010 |a  98452857  
020 |a 897143077X (v. 1) 
020 |a 9788971430774 (v. 1) 
020 |a 8971432713 (v. 2) 
020 |a 9788971432716 (v. 2) 
035 0 |a ocm43386336 
040 |a DLC  |c DLC  |d OCLCG  |d HMY 
043 |a a-kr---  |a a-cc--- 
050 0 0 |a DS902.15  |b .Y47 1997 
100 1 |6 880-01  |a Yi, Hyŏng-sŏk,  |d 1937- 
245 1 0 |6 880-02  |a Yi Hyŏng-sŏk ŭi munhwa yusan tapsagi. 
246 3 0 |6 880-03  |a Munhwa yusan tapsagi 
260 |6 880-04  |a Sŏul Tʻŭkpyŏlsi :  |b Hongikchae,  |c 1997- 
300 |a 2 v. :  |b ill. (some col.), maps, ports. ;  |c 27 cm. 
500 |a Includes index. 
650 0 |a Historic sites  |z Korea (South) 
651 0 |a Korea (South)  |x Description and travel. 
650 0 |a Historic sites  |z China  |z Manchuria. 
651 0 |a Manchuria (China)  |x Description and travel. 
880 1 |6 100-01  |a 이형석,  |d 1937- 
880 1 0 |6 245-02  |a 이형석의문화유산답사기 
880 3 0 |6 246-03  |a 문화유산답사기 
880 |6 260-04  |a 서울특벽시:  |b 홍익재,  |c 1997- 
988 |a 20060711 
049 |a HMYK  |o d 
906 |0 DLC